Indiana Jones Quotes: Raiders of the Lost Ark - Statistics

General Stats
  • This quiz has been taken 1,114 times
  • The average score is 10 of 20
Answer Stats
Raiders of the Lost Ark Quotes % Correct
{Snakes}. Why did it have to be {snakes}?
88%
Holy smoke, my friend, I'm... I'm so pleased you're not {dead}!
82%
Jock! Start the {engine}!
80%
Throw me the idol, I throw you the {whip}!
77%
Don't look Marion! Keep your {eyes} {shut}!
74%
They're digging in the {wrong} {place}!
70%
Who knows? In a thousand years, even you may be {worth} something.
69%
Well goddamn it Indy, where doesn't it {hurt}?
53%
You can't do this to me! I'm an {American}!
50%
An army which carries the ark before it... is {invincible}.
47%
It’s not the years, honey. It’s the {mileage}.
45%
Bad {dates}.
44%
We have {top} {men} working on it right now.
44%
Next time, Indiana Jones, it'll take more than {children} to save you.
42%
Asps. Very dangerous. You {go} {first}.
39%
Come on, show a little {backbone}, will ya?
34%
Indiana, we are simply passing through {history}. This... this is {history}.
31%
I don't know, I'm {making} {this} {up} as I go.
28%
Yes, too bad. You could warn them... if only you spoke {Hovitos}.
23%
{Truck}? What {truck}?!
17%
No matching quizzes found
Score Distribution
Percent of People with Each Score
Percentile by Number Answered
Your Score History
You have not taken this quiz